Palabras circulares equilibradas. Grafos adjuntos /
Guardado en:
| Otros Autores: | , |
|---|---|
| Formato: | Manuscrito |
| Idioma: | Spanish |
| Publicado: |
[1980?]
|
| Etiquetas: |
Agregar Etiqueta
Sin Etiquetas, Sea el primero en etiquetar este registro!
|
| LEADER | 00730ntm a22002055a 4500 | ||
|---|---|---|---|
| 001 | MAT.inmabb006689 | ||
| 008 | 120827s1980####xx#######bm###000#0#spa#d | ||
| 005 | 20180403160624.0 | ||
| 245 | 1 | 0 | |a Palabras circulares equilibradas. Grafos adjuntos / |c Raúl A. Chiappa. |
| 260 | |c [1980?] | ||
| 300 | |a 125, [7] h. ; |c 33 cm. | ||
| 502 | |a Tesis (Doctor)--Universidad Nacional del Sur, 1981?. | ||
| 500 | |a Director de tesis: Rafael Panzone. | ||
| 504 | |a Incluye referencias bibliográficas (h. [127-132]). | ||
| 100 | 1 | |a Chiappa, Raúl A. |4 dis | |
| 700 | 1 | |a Panzone, Rafael. |4 ths | |
| 710 | 2 | |a Universidad Nacional del Sur. |4 dgg | |
| 084 | |a 05C38 (05C20 05C45) |2 msc2000 | ||
| 859 | |p A-5398 |b BIB. MATEMATICA | ||
| 859 | |p A-9178 |t 2 |b BIB. MATEMATICA | ||
